Delhi : (Record no. 134653)

MARC details
000 -LEADER
fixed length control field 00671nam a22002177a 4500
005 - DATE AND TIME OF LATEST TRANSACTION
control field 20170124110231.0
010 ## - LIBRARY OF CONGRESS CONTROL NUMBER
LC control number B-120671
020 ## - INTERNATIONAL STANDARD BOOK NUMBER
Terms of availability 100.00
International Standard Book Number 8190111833
035 ## - SYSTEM CONTROL NUMBER
System control number B-120671
037 ## - SOURCE OF ACQUISITION
Source of stock number/acquisition Cen Lib/Ret
040 ## - CATALOGING SOURCE
Original cataloging agency DPL
Language of cataloging EN
082 ## - DEWEY DECIMAL CLASSIFICATION NUMBER
Classification number 909.095456
Item number BUD
100 ## - MAIN ENTRY--PERSONAL NAME
Personal name Buddhiraja, Raj
9 (RLIN) 41314
245 ## - TITLE STATEMENT
Title Delhi :
Statement of responsibility, etc by Raj Buddhiraja
Remainder of title a view from yore /
260 ## - PUBLICATION, DISTRIBUTION, ETC. (IMPRINT)
Place of publication, distribution, etc New Delhi
Name of publisher, distributor, etc Tej Prakashan
Date of publication, distribution, etc 2003
270 ## - ADDRESS
City New Delhi
Postal code 110002
Address 23, Ansari Road, Darya Ganj
300 ## - PHYSICAL DESCRIPTION
Extent x,78p.
Dimensions 19cm(Hb)
650 ## - SUBJECT ADDED ENTRY--TOPICAL TERM
Topical term or geographic name as entry element Budhiraja, Raj, -- 1937
9 (RLIN) 41315
650 ## - SUBJECT ADDED ENTRY--TOPICAL TERM
Topical term or geographic name as entry element Authors, Hindi -- Delhi -- Biography
9 (RLIN) 41316
942 ## - ADDED ENTRY ELEMENTS (KOHA)
Source of classification or shelving scheme Dewey Decimal Classification
Koha item type English Books
Classification part 909.095456
Call number suffix BUD
Holdings
Withdrawn status Lost status Damaged status Not for loan Home library Current library Date acquired Source of acquisition Cost, normal purchase price Total Checkouts Full call number Barcode Date last seen Copy number Cost, replacement price Price effective from Koha item type Public note
        Central Library Central Library 30/07/2015 Cen Lib/Ret 100.00   909.095456 BUD B-120671 30/07/2015 1 100.00 30/07/2015 English Books  
Written off       Central Library Central Library 31/07/2015 Cen Lib/Ret 100.00   909.095456 BUD B-120666 31/07/2015 2 100.00 31/07/2015 English Books W/d list no. 6814/14

© Delhi Public Library
Hit Counter
free hit counter